000 00447nam a2200169Ia 4500
999 _c30794
_d30794
003 OSt
005 20251231110141.0
008 250310s9999||||xx |||||||||||||| ||und||
040 _cIMU- KC
082 _a796.35808
_bF497
100 _96402
_aFingleto,Jack
245 0 _aFingleton on Cricket by
_cJack Fingleton
260 _aLondon :
_bAlden & Mowbray Ltd,
_c1972
300 _a xii + 268 p.
650 0 _94807
_aEnglish Fiction
942 _cBK
_2ddc